Представление документа в формате MARC21

Поле Инд. ПП Название Значение
Тип записи a
Библиографический уровень b
001 Контрольный номер RU/IS/BASE/308923845
005 Дата корректировки 20200630193212.6
008 Кодируемые данные 20091015
040 b Код языка каталог. rus
e Правила каталог. PSBO
041 0_ a Код языка текста rus
084 a Индекс другой классификации/Индекс ББК 67.021; 67.518.1; 66.033.141.3
100 1_ a Автор Барис В. В.
q Полное имя Барис Виктор Владимирович
100 1_ a Автор Народицкий Ю. О.
q Полное имя Народицкий Юрий Олегович
245 10 a Заглавие Определение коррупции с политологической и государственно-правовой точек зрения
504 a Библиография Библиогр.: с. 119
520 a Аннотация В статье приведены два определения коррупции, данные в теории государства и права. Первое - "узкое" - определяет коррупцию как "подкуп, взяточничество, продажость". Второе - "широкое" - как "корыстное злоупотребление своим служебным положением (или еще шире - своим социально-политическим положением и влиянием в государстве)
650 a Основная рубрика криминология
a Основная рубрика политика
a Основная рубрика политология
a Основная рубрика право
a Основная рубрика теория права
653 a Ключевые слова государственная служба
a Ключевые слова государственное управление
a Ключевые слова коррупция
a Ключевые слова теория государства и права
773 08 t Заглавие источника Вестник Московского университета. Серия 18, Социология и политология
d Дата издания источника 2009
g Прочая информация № 1. - С. 109 - 119
w Контрольный № источника RU/IS/BASE/299591355
901 t Тип документа b